000 00277nam a22001337a 4500
008 170512b xxu||||| |||| 00| 0 eng d
020 _a03930641182
041 _aeng
080 _a94
100 _a16
101 _aSHH
245 _aRAYS OF HOPE
_cHAYES. D
942 _2udc
_cBK
999 _c13299
_d13299